Tierra baja

Shranjeno v:
Bibliografske podrobnosti
Glavni avtor: Guimera, Angel
Format: Knjiga
Jezik:Undetermined
Izdano: Buenos Aires, Argentina Poseidon 1943
Teme:
Oznake: Označite
Brez oznak, prvi označite!

MARC

LEADER 00000nam a2200000Ia 4500
008 170316s9999 xx 000 0 und d
040 |a cru BVZT 
090 |a 862 G-51t 
100 |a Guimera, Angel 
245 |a Tierra baja 
260 |a Buenos Aires, Argentina 
260 |b Poseidon 
260 |c 1943 
300 |a 206 páginas 
650 |a LITERATURA ESPAÑOLA 
999 |c 9957  |d 9957 
942 |c 15 D  |h 862 G-51t  |2 z